| 000 | 00561nam a2200193Ia 4500 | ||
|---|---|---|---|
| 003 | 0 | ||
| 005 | 20240805110535.0 | ||
| 008 | 181129s9999 xx 000 0 und d | ||
| 020 | _a9780198310181 | ||
| 050 |
_aD 25 _b.R724 2015 |
||
| 100 | _aRogers, Keely | ||
| 245 |
_cKeely Rogers; Jo Thomas _aThe Move to global war: _bcourse companion/ |
||
| 260 |
_aUK : _bOxford University Press _c2015 |
||
| 300 |
_avi, 249 pages : _bcol. illustration ; _c27 cm. |
||
| 500 | _aIncludes index | ||
| 650 | _aMilitary history | ||
| 650 | _aWorld history | ||
| 942 |
_2lcc _cBK |
||
| 999 |
_c360327 _d360327 |
||